| 000 | 00506nam a2200169Ia 4500 | ||
|---|---|---|---|
| 008 | 090201s9999 xx 000 0 und d | ||
| 010 | _aKPL-46720 | ||
| 040 | _bमराठी | ||
| 041 | _aमराठी | ||
| 082 |
_a50679 _b46720 |
||
| 100 | _aसंजय सोनवणी | ||
| 245 |
_aरक्तराग _cसंजय सोनवणी |
||
| 260 |
_c2006 _bपुष्प प्रकाशन |
||
| 300 |
_a142 _bमध्यम |
||
| 600 | _aरक्तराग | ||
| 942 | _cBOOK | ||
| 999 |
_c247205 _d247205 |
||